Congreso Nacional Mercantil iniciado por la Academia Científico - Mercantil de Barcelona constituida por Peritos y Profesores titulares de Comercio : reglamento y temas reglamento y temas
Descripción Física:
16 p. ; 15 cm
MARC
| LEADER | 00000nam a2200000Ia 4500 | ||
|---|---|---|---|
| 001 | 18834 | ||
| 003 | BGR | ||
| 005 | 20260324180150.0 | ||
| 008 | 160829s1892 xx 000 0 cat d | ||
| 080 | |a 1610, exp. 1 | ||
| 245 | |a Congreso Nacional Mercantil iniciado por la Academia Científico - Mercantil de Barcelona constituida por Peritos y Profesores titulares de Comercio : |b reglamento y temas | ||
| 260 | |a Barcelona : |b Imprenta de Henrich y Ca., |c 1892 | ||
| 300 | |a 16 p. ; |c 15 cm | ||
| 650 | 0 | |a Congressos i conferències |9 48301 | |
| 650 | |a Relacions internacionals |x Congressos |9 48302 | ||
| 650 | |a Comerç |x Congressos I |9 48303 | ||
| 650 | |a Mercantilisme |x Congressos |9 48304 | ||
| 710 | 2 | |9 70077 |a Academia Científico-Mercantil (Barcelona) | |
| 901 | |a Arxiu | ||
| 942 | |n 1 |2 udc |c MON | ||
| 952 | |0 0 |1 0 |4 0 |6 1610_EXP_1 |7 1 |9 54455 |a Arxiu |b Arxiu |d 2016-12-01 |l 0 |o 1610, exp. 1 |p 18834 |r 2016-12-01 00:00:00 |w 2016-12-01 |y ARXIU | ||
| 999 | |c 58324 |d 58324 | ||